000 01930nam a2200313 i 4500
001 197910
003 ES-MaACL
005 20251103143911.0
008 250611e1952 sp ||||| |||| 001 1 spa d
040 _aES-MaACL
_bspa
_cES-MaACL
_erda
080 _a821.134.2-34"19"
245 0 0 _aCuentos serios y alegres.
_nVolumen II /
_c(Arredondo, Ordoñez Marín, Bécquer, Iniesta Calavia, Cía, Azorín, Quevedo, Laiglesia, Fernández Flórez, Cheesman, Wenley y Schmid), seleccionados por A. Garmendia de Otaola, S.J.
264 1 _aBilbao :
_bEl Mensajero del Corazón de Jesús,
_c1952
300 _a64 páginas ;
_c17 cm
336 _2rdacontent
_atexto
337 _2rdamedia
_asin mediación
338 _2rdacarrier
_avolumen
490 0 _aDe broma y de veras ;
_vnúmero 474
500 _aÍndice
505 0 _aEl cuento en España hasta el infante don Juan Manuel ; Cuentistas españoles en los siglos XIX y XX ; La edad y el fin del hombre / M.Mª. Arredondo ; Rosita Racimadora / V. Ordoñez ; El "zaber" de Menéndez Pelayo / F.R. Marín ; El Miserere / G.A. Bécquer ; Viñeta de la Virgen de la Paloma y el Lobo / A. Iniesta y G. Calavia ; ¡Era un ángel! / C. Cía ; Una flauta en la noche / Azorín ; La vida del Buscón / F. Quevedo ; Cuento sin dolor / A. de Laiglesia ; La posada de los años / W. Fernández Flórez ; Duelo feroz entre insectos gigantes / Evelyn Cheesman ; Cuento de Navidad / Wenley ; La rosa natural y la rosa artificial / Canónigo Schmid ; Una chanza con peligro de la vida / Canónigo Schmid
655 4 _9226829
_aCuentos
700 1 _955586
_aGarmendia de Otaola, Antonio
_ecom
852 _aES-MaACL
_cDEPO1
_jA-15601(6)
_hDonación: José Lázaro García
_xHolandesa
_9206874
903 _9234219
_aLázaro García, José
_ednr
942 _n0
_cMONOGRAFIA
999 _c197910
_d197910